| 000 | 00534nam a2200193Ia 4500 | ||
|---|---|---|---|
| 999 |
_c80075 _d80075 |
||
| 001 | 69568 | ||
| 003 | OSt | ||
| 005 | 20220203123344.0 | ||
| 008 | 151205s9999||||xx |||||||||||||| ||und|| | ||
| 020 | _aNA | ||
| 040 | _cPK-LaUMT | ||
| 082 |
_a346.002645491 _bCIV- |
||
| 100 | _aAnwar Khokhar, Muhammad | ||
| 245 |
_aCivil law cases [CLC, Vol. XXXVI, 2014] _bmonthly journal of civil rulings _cAnwar Khokhar, Muhammad |
||
| 260 |
_aLahore,Pakistan: _bThe Civil Law Cases, _c2014 |
||
| 501 | _a3 vols | ||
| 546 | _aEN | ||
| 942 |
_cLPJ _2ddc |
||